| 000 | 00879nam a22003017a 4500 | ||
|---|---|---|---|
| 001 | BR7375078 | ||
| 003 | BR-BrBNA | ||
| 005 | 20230928084406.0 | ||
| 007 | ta | ||
| 008 | 230509b bl.||||| |||| 00| 0 por d | ||
| 040 |
_aBR-BrBNA _bpor _cBiblioteca Nacional de Agricultura |
||
| 041 | _a(Por) | ||
| 072 |
_aF22 _b/G514 |
||
| 090 | _ F22 BR7375078 | ||
| 100 | 1 | _aSouza, D.M. de P. | |
| 110 | 1 |
_aUniversidade Federal do Parana, Curitiba (Brasil). Escola de Agronomia e Veterinaria _0Tese (Catedra) _911081 |
|
| 245 | 1 | _aAspectos hidrologicos dos principais solos do norte do Parana [Brasil] | |
| 260 | 3 |
_aCuritiba, PR (Brasil): _c1965. |
|
| 300 | _a117 p. | ||
| 500 | _a33 ref.; Numerical data | ||
| 650 | _aFisica do solo | ||
| 650 | _aHidrologia | ||
| 650 | _aAgua | ||
| 650 | _aSolo | ||
| 650 | _aParana | ||
| 909 |
_a202309 _bLucia _c55 _dLucia Elande |
||
| 942 | _cBK | ||
| 999 |
_c18630 _d18630 |
||